[Event "OE-10"]
[Site "CCCA"]
[Date "2010.03.15"]
[Round "1"]
[White "Thompson, Edward"]
[Black "Hobson, Nathaniel D"]
[Result "1-0"]
[WhiteElo "1889"]
[BlackElo "1734"]
[EventDate "2010.03.15"]

1.Nf3 d5 2.g3 Nc6 3.Bg2 e5 4.d3 Nf6 5.O-O Be7 6.c4 O-O 7.cxd5 Nxd5 8.Nc3 
Nxc3 9.bxc3 Bd7 10.d4 exd4 11.Nxd4 Rb8 12.Rb1 Bc5 13.Nxc6 Bxc6 14.Bxc6 
bxc6 15.Qxd8 Rfxd8 16.Bf4 Bd6 17.e4 Bxf4 18.gxf4 f6 19.Rxb8 Rxb8 20.Rd1 
Kf8 21.Rd7 Rc8 22.Kg2 Re8 23.Kf3 Re7 24.Rd4 Ke8 25.Ra4 Rd7 26.Rxa7 Rd3+ 
27.Ke2 Rxc3 28.Rxc7 Rc2+ 29.Kf3 Rxa2 30.Rxg7 Ra3+ 31.Kg4 Ra2 32.Rxh7 Rxf2 
33.h4 Re2 34.Kf5 Rf2 35.h5 c5 36.h6 c4 37.Ra7 Rh2 38.h7 Kf8 39.Kxf6 1-0

[Event "OE-10"]
[Site "CCCA"]
[Date "2010.03.15"]
[Round "1"]
[White "Zehr, Leonard"]
[Black "Thompson, Edward"]
[Result "0-1"]
[WhiteElo "1980"]
[BlackElo "1889"]
[EventDate "2010.03.15"]

1.e4 d6 2.d4 Nf6 3.Nc3 g6 4.Be3 Bg7 5.Qd2 c6 6.Nf3 Qa5 7.Be2 b5 8.e5 dxe5 
9.dxe5 Ng4 10.Bxb5 O-O 11.Bc4 Ba6 12.Ne4 Qc7 13.Bxa6 Nxa6 14.Qe2 Nb4 15.
Bd4 Nxe5 16.Bxe5 Bxe5 17.O-O Bg7 18.Rad1 Rfd8 19.c3 Nd5 20.Nc5 Nf4 21.Qe3 
Rxd1 22.Rxd1 Nd5 23.Qc1 Qa5 24.Nd3 Qxa2 25.c4 Nb6 26.Nde5 Rc8 27.Rd3 Qa5 
28.Ra3 Qc5 29.b4 Qxb4 30.Rxa7 f6 31.c5 Nd5 32.Nd3 Qb5 33.Qc2 e5 34.Nd2 f5 
35.Nc1 e4 36.g3 Rb8 37.Ndb3 e3 38.fxe3 Bh6 39.e4 Ne3 40.Qf2 Rd8 41.h3 Qc4 
42.Qf3 Rd1+ 0-1

[Event "OE-10"]
[Site "CCCA"]
[Date "2010.03.15"]
[Round "1"]
[White "Thompson, Edward"]
[Black "Paul, Michael"]
[Result "1-0"]
[WhiteElo "1889"]
[BlackElo "1694"]
[EventDate "2010.03.15"]

1.Nf3 d5 2.g3 c6 3.Bg2 Nf6 4.O-O e6 5.d3 Be7 6.c4 O-O 7.Nc3 Nbd7 8.Bf4 Nh5
9.Bd2 Re8 10.g4 Nhf6 11.g5 Nh5 12.h4 g6 13.Qc2 dxc4 14.dxc4 Qc7 15.b3 b6 
16.Rad1 Bb7 17.Bc1 a6 18.e4 Bd6 19.Qd3 Bb4 20.Qxd7 Qb8 21.Ne2 e5 22.Bb2 f6
23.Ng3 Re7 24.Nxh5 gxh5 25.Qf5 Qf8 26.gxf6 1-0

[Event "OE-10"]
[Site "CCCA"]
[Date "2010.03.15"]
[Round "1"]
[White "Glover, Vanessa"]
[Black "Thompson, Edward"]
[Result "0-1"]
[WhiteElo "1829"]
[BlackElo "1889"]
[EventDate "2010.03.15"]

1.d4 Nf6 2.c4 d6 3.Nc3 g6 4.Bg5 Bg7 5.e4 Nbd7 6.Nf3 h6 7.Bf4 c5 8.d5 Qb6 
9.b3 g5 10.Be3 Ng4 11.Rc1 Nxe3 12.fxe3 Bf6 13.Ne2 h5 14.Ng3 g4 15.Nd2 Ne5 
16.Nf5 e6 17.Ng3 h4 18.Ne2 Nd3# 0-1

[Event "OE-10"]
[Site "CCCA"]
[Date "2010.03.15"]
[Round "1"]
[White "Thompson, Edward"]
[Black "Martin, Nancy Louise"]
[Result "1-0"]
[WhiteElo "1889"]
[BlackElo "1930"]
[EventDate "2010.03.15"]

1.Nf3 d6 2.g3 e5 3.Bg2 Nc6 4.d3 h6 5.c4 Bg4 6.Nc3 Qd7 7.h3 Bxf3 8.Bxf3 
O-O-O 9.Qa4 Nge7 10.e3 f5 11.b4 a6 12.b5 Nb8 13.bxa6 bxa6 14.Qb3 c6 15.Na4
Qa7 16.Rb1 Kc7 17.O-O Nd7 18.Bd2 Rb8 19.Ba5+ Kc8 20.Qc2 Rb7 21.Rxb7 Qxb7 
22.Rb1 Qa7 23.e4 g6 24.c5 dxc5 25.Qc4 Ng8 26.Qe6 Nf6 27.Qxc6+ 1-0

[Event "OE-10"]
[Site "CCCA"]
[Date "2010.03.15"]
[Round "1"]
[White "Byrne, Veronica"]
[Black "Thompson, Edward"]
[Result "0-1"]
[WhiteElo "1685"]
[BlackElo "1889"]
[EventDate "2010.03.15"]

1.e4 d6 2.Bc4 Nf6 3.d3 e6 4.Nf3 d5 5.exd5 exd5 6.Qe2+ Be7 7.Nc3 dxc4 8.
dxc4 O-O 9.Ne4 Nxe4 10.Qxe4 Bb4+ 11.c3 Re8 12.Ng5 Rxe4+ 13.Nxe4 Qd3 14.
cxb4 Qxe4+ 15.Be3 Bh3 16.O-O-O Nc6 17.gxh3 Nxb4 0-1

[Event "OE-10"]
[Site "CCCA"]
[Date "2010.03.15"]
[Round "1"]
[White "Hobson, Nathaniel D"]
[Black "Zehr, Leonard"]
[Result "0-1"]
[WhiteElo "1734"]
[BlackElo "1980"]
[EventDate "2010.03.15"]

1.c4 c5 2.Nc3 Nf6 3.Nf3 e6 4.g3 b6 5.Bg2 Bb7 6.O-O Be7 7.d3 O-O 8.Re1 d5 
9.cxd5 exd5 10.Bf4 d4 11.Nb5 a6 12.Na3 b5 13.Rc1 Nd5 14.Bd2 Nc6 15.Nc2 Rc8
16.e3 dxe3 17.Nxe3 Nxe3 18.Bxe3 Nb4 19.d4 Nxa2 20.Rc2 Nb4 21.Rce2 c4 22.
Qc2 Nxc2 23.Rxc2 Re8 24.Rd1 Be4 25.Rcc1 Qd5 0-1

[Event "OE-10"]
[Site "CCCA"]
[Date "2010.03.15"]
[Round "1"]
[White "Paul, Michael"]
[Black "Hobson, Nathaniel D"]
[Result "1-0"]
[WhiteElo "1694"]
[BlackElo "1734"]
[EventDate "2010.03.15"]

1.e4 c5 2.Nf3 Nc6 3.d4 cxd4 4.Nxd4 d6 5.Nc3 Bd7 6.f4 e5 7.Nf3 Nf6 8.f5 Be7
9.h3 Qc7 10.g4 O-O-O 11.Be3 a6 12.Ng5 Rdf8 13.Bc4 Be8 14.Qd2 h6 15.Nf3 Bd7
16.O-O-O Na5 17.Bf1 Nc4 18.Bxc4 Qxc4 19.Qd3 Qxd3 20.cxd3 Kb8 21.Kb1 Rc8 
22.a3 Bc6 23.Rhe1 Nd7 24.b4 Nf6 25.Kb2 Rhe8 26.Bf2 Nh7 27.h4 Nf6 28.Rg1 
Red8 29.g5 Nh5 30.Bb6 Rg8 31.Nd5 Bxd5 32.exd5 Nf4 33.gxh6 gxh6 34.Be3 1-0

[Event "OE-10"]
[Site "CCCA"]
[Date "2010.03.15"]
[Round "1"]
[White "Hobson, Nathaniel D"]
[Black "Glover, Vanessa"]
[Result "1-0"]
[WhiteElo "1734"]
[BlackElo "1829"]
[EventDate "2010.03.15"]

1.d4 d5 2.c4 dxc4 3.e4 Nc6 4.Nf3 Bg4 5.Be2 e6 6.d5 exd5 7.exd5 Na5 8.O-O 
Bd6 9.Nc3 Nf6 10.Bg5 h6 11.Bxf6 Qxf6 12.Qa4+ Nc6 13.dxc6 b6 14.Qxc4 O-O 
15.Qxg4 Rfe8 16.Bd3 Re6 17.Bf5 Re7 18.Bd7 Qf4 19.Qxf4 Bxf4 20.Nd5 Re4 21.
Nxf4 Rxf4 22.Rfe1 f6 23.Re2 Rf8 24.Rae1 Rb4 25.b3 a5 26.Re8 Rb5 27.Be6+ 
1-0

[Event "OE-10"]
[Site "CCCA"]
[Date "2010.03.15"]
[Round "1"]
[White "Martin, Nancy Louise"]
[Black "Hobson, Nathaniel D"]
[Result "1-0"]
[WhiteElo "1930"]
[BlackElo "1734"]
[EventDate "2010.03.15"]

1.e4 e5 2.Bc4 Nf6 3.d3 Be7 4.Nf3 Nc6 5.Nc3 O-O 6.d4 exd4 7.Nxd4 Nxd4 8.
Qxd4 d6 9.Bd2 c5 10.Qd3 Bd7 11.h3 a6 12.Nd5 Nxd5 13.Bxd5 Rb8 14.O-O-O b5 
15.Bf4 Qb6 16.e5 c4 17.Qd4 Qxd4 18.Rxd4 Rb6 19.exd6 Bf6 20.Rdd1 Re8 21.c3 
Kf8 22.Rde1 Rbb8 23.Rxe8+ Rxe8 24.Kd2 Be5 25.Bxe5 Rxe5 26.Bb7 a5 27.Re1 
Rxe1 28.Kxe1 f6 29.Bd5 g6 30.a3 f5 31.f4 Kg7 32.h4 1-0

[Event "OE-10"]
[Site "CCCA"]
[Date "2010.03.15"]
[Round "1"]
[White "Hobson, Nathaniel D"]
[Black "Byrne, Veronica"]
[Result "1-0"]
[WhiteElo "1734"]
[BlackElo "1685"]
[EventDate "2010.03.15"]

1.Nf3 Nc6 2.g3 b5 3.Bg2 d5 4.O-O h5 5.d3 f6 6.Nbd2 g5 7.Nb3 h4 8.Nbd4 h3 
9.Nxc6 Qd6 10.Bh1 Qxc6 11.Nd4 Qd7 12.c3 e5 13.Nc2 Nh6 14.e4 g4 15.exd5 Bb7
16.c4 Nf5 17.Qxg4 O-O-O 18.Ne3 Bc5 19.Nxf5 Rdg8 20.Qf3 e4 21.Qxe4 bxc4 22.
dxc4 Rxg3+ 23.hxg3 h2+ 24.Kg2 Qh7 25.Qe6+ Kb8 26.Nh4 Bc8 27.Qxf6 Be7 28.
Qg6 Qxg6 29.Nxg6 Bh3+ 30.Kf3 Rh7 31.Re1 Bb4 32.Re8+ Kb7 33.Bf4 Rf7 34.Bg2 
Bd7 35.Rh8 Bd6 36.Rxh2 Kb6 37.Rah1 Kc5 38.Rh7 Rxh7 39.Rxh7 Be8 40.Bxd6+ 
Kxd6 41.Rh6 Kc5 42.Ne5 Kd4 43.Kf4 a5 44.Ra6 a4 45.Ra7 a3 46.Rxa3 Bh5 47.
Ra7 c5 48.Ra3 Be2 49.d6 Bxc4 50.Nxc4 Kxc4 51.d7 Kb5 52.d8=Q 1-0

[Event "OE-10"]
[Site "CCCA"]
[Date "2010.03.15"]
[Round "1"]
[White "Zehr, Leonard"]
[Black "Paul, Michael"]
[Result "1-0"]
[WhiteElo "1980"]
[BlackElo "1694"]
[EventDate "2010.03.15"]

1.e4 c5 2.Nf3 d6 3.d4 cxd4 4.Nxd4 Nf6 5.Nc3 a6 6.Bc4 e6 7.Bb3 Nc6 8.f4 Be7
9.O-O O-O 10.Be3 Bd7 11.f5 Nxd4 12.Bxd4 e5 13.Bf2 Bc6 14.Qd3 Ng4 15.Nd5 
Bxd5 16.Bxd5 Nxf2 17.Rxf2 Rb8 18.c3 Qb6 19.Qg3 Bf6 20.a4 Qd8 21.Re2 Qb6+ 
22.Kh1 a5 23.b4 Qc7 24.bxa5 Qxa5 25.Rb2 Qc7 26.a5 g5 27.fxg6 hxg6 28.Qxg6+
Bg7 29.Rf2 Ra8 30.Rf3 b5 31.Rg3 1-0

[Event "OE-10"]
[Site "CCCA"]
[Date "2010.03.15"]
[Round "1"]
[White "Glover, Vanessa"]
[Black "Zehr, Leonard"]
[Result "0-1"]
[WhiteElo "1829"]
[BlackElo "1980"]
[EventDate "2010.03.15"]

1.d4 Nf6 2.c4 g6 3.d5 d6 4.Nc3 Bg7 5.e4 Nxe4 6.Nxe4 c6 7.Nf3 O-O 8.Be2 
cxd5 9.cxd5 Bf5 10.Neg5 h6 11.Qb3 hxg5 12.Qxb7 Nd7 13.Nxg5 Qb6 14.Qxb6 
Nxb6 15.O-O Nxd5 16.Bf3 e6 17.b4 Bxa1 18.Ba3 Be5 19.b5 Rfb8 20.Bxd5 exd5 
21.Nf3 Rxb5 22.Re1 Rb1 23.Rxb1 Bxb1 24.h3 Bxa2 25.Nd2 Bf4 26.Nf3 Rb8 27.g3
Rb3 28.gxf4 Rxa3 29.Ng5 f6 30.Ne6 Rxh3 31.Kg2 Rc3 32.Nd4 Rc4 33.Ne6 d4 34.
Kf1 Rc1+ 0-1

[Event "OE-10"]
[Site "CCCA"]
[Date "2010.03.15"]
[Round "1"]
[White "Zehr, Leonard"]
[Black "Martin, Nancy Louise"]
[Result "1-0"]
[WhiteElo "1980"]
[BlackElo "1930"]
[EventDate "2010.03.15"]

1.e4 e5 2.Nf3 d6 3.d4 exd4 4.Nxd4 Nf6 5.Nc3 Bd7 6.Bc4 a6 7.O-O Nc6 8.Nxc6 
Bxc6 9.Qe2 Be7 10.Rd1 Qc8 11.Nd5 Bxd5 12.exd5 Qd7 13.Rd4 O-O 14.Bd2 Rfe8 
15.Bd3 c6 16.c4 c5 17.Rf4 Bf8 18.Qf3 Qd8 19.Bc3 Be7 20.g4 h6 21.h4 Rf8 22.
g5 hxg5 23.hxg5 Nh7 24.Bxh7+ Kxh7 25.Qh5+ Kg8 26.Rh4 f6 27.g6 1-0

[Event "OE-10"]
[Site "CCCA"]
[Date "2010.03.15"]
[Round "1"]
[White "Byrne, Veronica"]
[Black "Zehr, Leonard"]
[Result "0-1"]
[WhiteElo "1685"]
[BlackElo "1980"]
[EventDate "2010.03.15"]

1.e4 e5 2.Nc3 Nc6 3.Bc4 Nf6 4.Nf3 Nxe4 5.Nxe4 d5 6.Nxe5 Nxe5 7.Qh5 Nxc4 8.
Ng5 Qe7+ 9.Kd1 g6 10.Qh4 Qf6 11.Re1+ Be6 12.Rb1 Be7 13.b3 Qxg5 14.Qxg5 
Bxg5 15.bxc4 O-O-O 16.c5 d4 17.d3 Bxa2 18.Ra1 Bxc1 19.Rxa2 Bh6 20.Rxa7 
Rhe8 21.Rxe8 Rxe8 22.g3 Bf8 23.Ra5 Kd7 24.f4 Kc6 25.Kc1 Bxc5 26.h4 Bb4 27.
Ra4 Re1+ 28.Kb2 Bc3+ 29.Kb3 Rb1+ 30.Kc4 b5# 0-1

[Event "OE-10"]
[Site "CCCA"]
[Date "2010.03.15"]
[Round "1"]
[White "Paul, Michael"]
[Black "Glover, Vanessa"]
[Result "1-0"]
[WhiteElo "1694"]
[BlackElo "1829"]
[EventDate "2010.03.15"]

1.e4 e6 2.d4 d5 3.Nd2 Be7 4.e5 Nc6 5.Ngf3 h6 6.Be2 Bd7 7.O-O Bb4 8.c3 Be7 
9.Ne1 f5 10.Bh5+ Kf8 11.f4 b5 12.Nc2 b4 13.c4 Na5 14.c5 Nc6 15.h3 a5 16.a4
bxa3 17.Rxa3 Nb4 18.Nb1 Bb5 19.Rff3 c6 20.Nc3 Nxc2 21.Qxc2 Qb8 22.g4 Bh4 
23.Bg6 Ne7 24.gxf5 Nxg6 25.fxg6 Ke7 26.Nxb5 Qxb5 27.Rfb3 Qa6 28.Rb6 Qc8 
29.Bd2 Rf8 30.Qa4 Qe8 31.Rb7+ Kd8 32.Bxa5+ Kc8 33.Rc7+ Kd8 34.Ra7+ Kc8 35.
Rxa8+ Kd7 36.Ra7+ 1-0

[Event "OE-10"]
[Site "CCCA"]
[Date "2010.03.15"]
[Round "1"]
[White "Martin, Nancy Louise"]
[Black "Paul, Michael"]
[Result "0-1"]
[WhiteElo "1930"]
[BlackElo "1694"]
[EventDate "2010.03.15"]

1.e4 e5 2.Bc4 Nf6 3.d3 Nc6 4.Nc3 Na5 5.Qf3 Nxc4 6.dxc4 c6 7.Nge2 Be7 8.Be3
d6 9.h3 O-O 10.O-O-O Qc7 11.g4 Be6 12.b3 b6 13.g5 Ne8 14.Qh5 f5 15.exf5 
Bxf5 16.Rhg1 b5 17.cxb5 d5 18.bxc6 d4 19.Nd5 Ba3+ 20.Kb1 Qxc6 21.Rd2 Qxd5 
22.f4 Qa5 23.Qf3 dxe3 24.Qxe3 Bc5 25.Rd5 Bxc2+ 26.Ka1 Bxe3 27.Rxa5 Bxg1 
28.Nxg1 exf4 29.Re5 f3 30.Nxf3 Rxf3 31.h4 Rh3 32.Kb2 Bg6 33.a4 a5 34.h5 
Bxh5 0-1

[Event "OE-10"]
[Site "CCCA"]
[Date "2010.03.15"]
[Round "1"]
[White "Paul, Michael"]
[Black "Byrne, Veronica"]
[Result "1-0"]
[WhiteElo "1694"]
[BlackElo "1685"]
[EventDate "2010.03.15"]

1.e4 d5 2.exd5 Qxd5 3.Nc3 Qe5+ 4.Nge2 Nc6 5.d4 Qa5 6.d5 Ne5 7.Qd4 f6 8.f4 
c5 9.Qa4+ Qxa4 10.Nxa4 Bd7 11.fxe5 Bxa4 12.b3 Bd7 13.e6 Bb5 14.c4 Ba6 15.
a4 g5 16.Ng3 Bh6 17.Nf5 b6 18.Be2 O-O-O 19.h4 Bb7 20.g4 Bxd5 21.cxd5 Rxd5 
22.Bb2 gxh4 23.Rd1 Rxd1+ 24.Kxd1 Bg5 25.Rh3 Nh6 26.Nxe7+ Kc7 27.Nd5+ Kd6 
28.Bxf6 Bxf6 29.Nxf6 Kxe6 30.Rxh4 Kxf6 31.Rxh6+ Kg5 32.Rh3 Rd8+ 33.Rd3 
Rxd3+ 34.Bxd3 h6 35.Be2 Kf4 36.Kd2 Ke4 37.Kc3 Ke3 38.Ba6 Kf3 39.Bc8 Ke2 
40.Kc4 Kd2 41.Kb5 Kc1 42.a5 bxa5 43.Kxa5 Kc2 44.Be6 Kc3 45.Ka6 Kd4 46.Kxa7
Ke5 47.Bf7 Kf4 48.Bh5 Ke5 49.Kb6 Kd5 50.Kc7 Kd4 51.Kd6 c4 52.bxc4 Kxc4 53.
Ke5 1-0

[Event "OE-10"]
[Site "CCCA"]
[Date "2010.03.15"]
[Round "1"]
[White "Glover, Vanessa"]
[Black "Martin, Nancy Louise"]
[Result "0-1"]
[WhiteElo "1829"]
[BlackElo "1930"]
[EventDate "2010.03.15"]

1.d4 d5 2.e3 Nc6 3.Nc3 Bf5 4.a3 e5 5.Bb5 f6 6.Bxc6+ bxc6 7.Bd2 exd4 8.exd4
Bd6 9.Nf3 Ne7 10.O-O O-O 11.Na4 Qd7 12.Nc5 Bxc5 13.dxc5 Be4 14.b4 Bxf3 15.
Qxf3 Qf5 16.Qg3 Rfc8 17.c3 a5 18.Rfe1 Kf7 19.Re3 Ra7 20.Rae1 Re8 21.bxa5 
Qc8 22.Rf3 Nf5 23.c4 Rxe1+ 24.Bxe1 Nxg3 25.fxg3 dxc4 26.h3 Qe6 27.Rf1 Qe3+
28.Bf2 Qxa3 29.g4 Rxa5 30.g5 c3 31.Bd4 c2 32.Bxf6 c1=Q 33.Rxc1 Qxc1+ 0-1

[Event "OE-10"]
[Site "CCCA"]
[Date "2010.03.15"]
[Round "1"]
[White "Byrne, Veronica"]
[Black "Glover, Vanessa"]
[Result "0-1"]
[WhiteElo "1685"]
[BlackElo "1829"]
[EventDate "2010.03.15"]

1.e4 e5 2.Bc4 Nf6 3.d3 c6 4.a3 d5 5.Bb3 d4 6.h3 Nbd7 7.Nd2 b5 8.Ndf3 Nc5 
9.Nxe5 Nxb3 10.cxb3 c5 11.Ngf3 h6 12.Bf4 Qa5+ 13.Bd2 Qa6 14.O-O Qe6 15.a4 
b4 16.Re1 Bd6 17.Bf4 O-O 18.Qd2 Bxe5 19.Bxe5 Nh5 20.Kf1 Ba6 21.Ke2 f6 22.
g4 fxe5 23.gxh5 Qxh3 24.Nxe5 Qxh5+ 25.f3 Qh2+ 26.Kd1 Qxe5 27.Rg1 Qh5 28.
Kc2 Rxf3 29.Rxg7+ Kxg7 30.Qg2+ Kh7 31.Rg1 Bxd3+ 32.Kc1 Rf1+ 33.Rxf1 Bxf1 
34.Qxf1 Rd8 35.Qd3 Kh8 36.Kb1 Re8 37.Qa6 Qh1+ 38.Ka2 Rf8 39.e5 Rf1 40.Qc8+
Kg7 41.Qd7+ Kg6 42.Qe6+ Kg5 43.Qg8+ Kf4 44.Qh7 Ra1# 0-1

[Event "OE-10"]
[Site "CCCA"]
[Date "2010.03.15"]
[Round "1"]
[White "Martin, Nancy Louise"]
[Black "Byrne, Veronica"]
[Result "1-0"]
[WhiteElo "1930"]
[BlackElo "1685"]
[EventDate "2010.03.15"]

1.e4 e5 2.Bc4 Bc5 3.Qf3 Nf6 4.d3 Nc6 5.c3 Bd4 6.cxd4 Nb4 7.Bb3 d6 8.d5 Bd7
9.Bd2 Bg4 10.Qg3 a5 11.a4 h5 12.h3 h4 13.Qe3 Bf5 14.exf5 Qd7 15.Bxb4 axb4 
16.Qg5 e4 17.dxe4 Qe7 18.f3 Qe5 19.Ra2 Rh5 20.Qd2 Nxe4 21.fxe4 Qg3+ 22.Qf2
Qxb3 23.Ra3 bxa3 24.Nxa3 Rxa4 25.Qe2 Qg3+ 26.Kf1 Qf4+ 27.Nf3 Rxe4 28.Qc2 
Rxf5 29.Qxc7 Re1+ 30.Kxe1 Qe3+ 31.Kf1 Rxf3+ 32.gxf3 Qxf3+ 33.Kg1 Qd1+ 34.
Kg2 Qxd5+ 35.Kg1 Qg5+ 36.Kf1 Qf4+ 37.Kg1 Qg3+ 38.Kf1 Qf3+ 39.Kg1 g5 40.Qc2
g4 41.hxg4 Qxg4+ 42.Qg2 Qd1+ 43.Kh2 Qb3 44.Rc1 Qe6 45.Qg8+ 1-0